Little cloud / (Record no. 354982)
[ view plain ]
| 000 -LEADER | |
|---|---|
| fixed length control field | 00554nam a2200241Ia 4500 |
| 003 - CONTROL NUMBER IDENTIFIER | |
| control field | 20180516111222.0 |
| 005 - DATE AND TIME OF LATEST TRANSACTION | |
| control field | 20180516111243.0 |
| 008 - FIXED-LENGTH DATA ELEMENTS--GENERAL INFORMATION | |
| fixed length control field | 180207s9999 xx 000 0 und d |
| 020 ## - INTERNATIONAL STANDARD BOOK NUMBER | |
| International Standard Book Number | 9780590368052 |
| 050 ## - LIBRARY OF CONGRESS CALL NUMBER | |
| Item number | C278 1996 |
| 100 ## - MAIN ENTRY--PERSONAL NAME | |
| Personal name | Carle, Eric |
| 245 ## - TITLE STATEMENT | |
| Title | Little cloud / |
| 245 ## - TITLE STATEMENT | |
| Statement of responsibility, etc | by Eric Carle. |
| 260 ## - PUBLICATION, DISTRIBUTION, ETC. (IMPRINT) | |
| Place of publication, distribution, etc | Broadway, New York : |
| 260 ## - PUBLICATION, DISTRIBUTION, ETC. (IMPRINT) | |
| Name of publisher, distributor, etc | Scholastic, |
| 260 ## - PUBLICATION, DISTRIBUTION, ETC. (IMPRINT) | |
| Date of publication, distribution, etc | 1996 |
| 300 ## - PHYSICAL DESCRIPTION | |
| Extent | unpaged : |
| 300 ## - PHYSICAL DESCRIPTION | |
| Other physical details | color illustrations ; |
| 300 ## - PHYSICAL DESCRIPTION | |
| Dimensions | 30cm. |
| 500 ## - GENERAL NOTE | |
| General note | 390 |
| 700 ## - ADDED ENTRY--PERSONAL NAME | |
| Personal name | Title. |
| 942 ## - ADDED ENTRY ELEMENTS (KOHA) | |
| Source of classification or shelving scheme | Library of Congress Classification |
| Koha item type | Lexile |
| Withdrawn status | Lost status | Damaged status | Home library | Current library | Date acquired | Total Checkouts | Full call number | Barcode | Date last seen | Price effective from | Koha item type |
|---|---|---|---|---|---|---|---|---|---|---|---|
| Stonyhurst Southville International School (Malarayat) | Stonyhurst Southville International School (Malarayat) | 02/07/2018 | LEX C278 1996 | SSISM4527 | 02/07/2018 | 02/07/2018 | Books |